000 00313nam a2200133Ia 4500
008 240624s9999 xx 000 0 und d
041 _aeng
082 _a823 BAS
100 _aBASU SAMIT
245 _aTURBULENCE
260 _c2010
_aNew Delhi
_bHachette India
300 _a337 : p. : cm. ; 17
365 _cRS
_b20
999 _c16579
_d16579